|
|
|
|
| LEADER |
00000cam a2200000 4500 |
| 001 |
vtls011209241 |
| 003 |
SK-MaSNL |
| 005 |
20260325133747.0 |
| 008 |
160610s2015 rb a g f 000 edslo |
| 015 |
|
|
|a SNBZSA2015
|
| 020 |
|
|
|a 9788689009163
|q (brožované)
|
| 035 |
|
|
|a 053FF89D-66D8-4F53-876E-92D8B6D01571
|
| 035 |
|
|
|a urn:nbn:sk:snk-aml576
|
| 035 |
|
|
|a urn:nbn:sk:snk-am008vxz
|
| 040 |
|
|
|a SNK
|b slo
|c SNK
|e rda
|
| 041 |
0 |
|
|a slo
|
| 044 |
|
|
|a rb
|c RS
|
| 072 |
|
7 |
|a 821.162.4.09
|x Slovenská literatúra (o nej)
|2 konspekt
|
| 080 |
|
|
|a 821.162.4(4-191.2)-4
|2 2001
|
| 080 |
|
|
|a (=162.4)
|2 2001
|
| 080 |
|
|
|a (0:82-4)
|2 2001
|
| 080 |
|
|
|a (048.8)
|2 2001
|
| 245 |
0 |
0 |
|a Eseje a štúdie
|b eseje a štúdie slovenských autoriek z Maďarska, Rumunska, Slovenska a Srbska vo výbere Viery Benkovej a Etely Farkašovej Triaškovej
|
| 264 |
|
|
|a Báčsky Petrovec
|b Matica slovenská v Srbsku
|c 2015
|
| 300 |
|
|
|a 204 strán
|b ilustrácie
|c 24 cm
|
| 366 |
|
|
|e 500 kusov
|
| 490 |
1 |
|
|a Matičné súzvuky
|v Zv. 7
|
| 650 |
0 |
7 |
|a Slováci v zahraničí
|2 SNKPH
|9 14695
|
| 650 |
0 |
7 |
|a slovenská literatúra
|2 SNKPH
|9 1115
|
| 650 |
0 |
7 |
|a Slovaks in foreign
|2 SNKPHeng
|9 265147
|
| 650 |
0 |
7 |
|a Slovak literature
|2 SNKPHeng
|9 265073
|
| 655 |
|
7 |
|a eseje
|2 SNKPH
|9 57030
|
| 655 |
|
7 |
|a Essays
|2 SNKPHeng
|9 267540
|
| 655 |
|
7 |
|a Studies
|2 SNKPHeng
|9 265573
|
| 655 |
|
7 |
|a štúdie
|2 SNKPH
|9 57033
|
| 700 |
1 |
|
|a Benková, Viera,
|d 1939-
|4 com
|9 110140
|
| 700 |
1 |
|
|a Farkašová, Etela,
|d 1943-
|4 com
|9 100186
|
| 700 |
1 |
|
|a Triašková, Daniela,
|d 1980-
|4 ill
|9 229923
|
| 830 |
|
0 |
|a Matičné súzvuky
|9 419402
|
| 852 |
|
|
|a Slovenská národná knižnica
|
| 919 |
|
|
|a 978-86-89009-16-3
|
| 958 |
|
|
|a ZS
|
| 958 |
|
|
|a LX
|
| 958 |
|
|
|a HU
|
| 958 |
|
|
|a BX
|
| 958 |
|
|
|a BC
|
| 999 |
|
|
|c 930360
|d 932290
|
| 952 |
|
|
|t 2
|a SNK
|b SNK
|y VYP
|7 0
|p 17A1578247
|o snkSC 166960 D1
|i snk2026/4382
|8 2
|g 7.68
|0 0
|1 0
|2 udc
|4 0
|d 2025-09-24
|l 0
|r 2026-02-24 08:46:00
|w 2026-02-24
|
| 952 |
|
|
|t 1
|a SNK
|b SNK
|y PREZ
|7 0
|p 17A1174441
|o snkSC 166960
|i snk2015/31282
|8 2
|g 7.68
|0 0
|1 0
|2 udc
|4 0
|d 2015-11-11
|f 1
|l 0
|r 2026-02-24 08:46:00
|w 2026-02-24
|